Statistics for Most Valuable Soccer Teams 2016

Click here to take the quiz!

General Stats

  • This quiz has been taken 448 times
  • The average score is 16 of 20

Answer Stats

RankAnswer% Correct
1Real Madrid
100%
2Barcelona
99%
3Manchester United
99%
6Manchester City
98%
4Bayern Munich
96%
7Chelsea
95%
5Arsenal
94%
8Liverpool
93%
9Juventus
92%
11Borussia Dortmund
89%
13Paris Saint-Germain
89%
16Inter Milan
86%
15Atletico Madrid
80%
10Tottenham
76%
18AS Roma
69%
12AC Milan
67%
19Napoli
66%
14Schalke
33%
17West Ham United
28%
20Newcastle United
23%

Score Distribution

Percentile by Number Answered

Percent of People with Each Score

Your Score History

You have not taken this quiz